<?xml version="1.0" encoding="UTF-8"?>
<collection xmlns="http://www.loc.gov/MARC21/slim">
 <record>
  <leader>00949aam a22002298a 4500</leader>
  <controlfield tag="001">00028448</controlfield>
  <controlfield tag="005">20171026081023.0</controlfield>
  <controlfield tag="008">120328s2002                  ||||||viesd</controlfield>
  <datafield tag="041" ind1="0" ind2="#">
   <subfield code="a">vie</subfield>
  </datafield>
  <datafield tag="082" ind1="1" ind2="4">
   <subfield code="a">305.209 597</subfield>
   <subfield code="b">V121Đ</subfield>
  </datafield>
  <datafield tag="245" ind1="0" ind2="0">
   <subfield code="a">Vấn đề phụ nữ và trẻ em thời kỳ 2001-2010</subfield>
  </datafield>
  <datafield tag="246" ind1="0" ind2="1">
   <subfield code="a">The issue of women and children in 2001 - 2010</subfield>
  </datafield>
  <datafield tag="260" ind1="#" ind2="#">
   <subfield code="a">Hà Nội</subfield>
   <subfield code="b">Lao động - Xã hội</subfield>
   <subfield code="c">2002</subfield>
  </datafield>
  <datafield tag="300" ind1="#" ind2="#">
   <subfield code="a">227tr.</subfield>
   <subfield code="c">29cm.</subfield>
  </datafield>
  <datafield tag="650" ind1="#" ind2="4">
   <subfield code="a">Phụ nữ</subfield>
   <subfield code="x">Khía cạnh xã hội</subfield>
   <subfield code="y">2001-2010</subfield>
   <subfield code="z">Việt Nam</subfield>
  </datafield>
  <datafield tag="650" ind1="#" ind2="4">
   <subfield code="a">Trẻ em</subfield>
   <subfield code="x">Khía cạnh xã hội</subfield>
   <subfield code="y">2001-2010</subfield>
   <subfield code="z">Việt Nam</subfield>
  </datafield>
  <datafield tag="852" ind1="#" ind2="#">
   <subfield code="b">Kho mượn</subfield>
   <subfield code="j">KM.0013133, KM.0013134, KM.0013135, KM.0013136, KM.0013137</subfield>
  </datafield>
  <datafield tag="852" ind1="#" ind2="#">
   <subfield code="b">Kho đọc</subfield>
   <subfield code="j">KD.0013290</subfield>
  </datafield>
  <datafield tag="852" ind1="#" ind2="#">
   <subfield code="j">KM.0013134</subfield>
   <subfield code="j">KM.0013135</subfield>
   <subfield code="j">KM.0013137</subfield>
   <subfield code="j">KD.0013290</subfield>
   <subfield code="j">KM.0013133</subfield>
   <subfield code="j">KM.0013136</subfield>
  </datafield>
  <datafield tag="910" ind1=" " ind2=" ">
   <subfield code="d">28/03/2012</subfield>
  </datafield>
  <datafield tag="980" ind1="#" ind2="#">
   <subfield code="a">Trung tâm Học liệu Lê Vũ Hùng, Trường Đại học Đồng Tháp</subfield>
  </datafield>
 </record>
</collection>
